[Event "Senica op 6th"]
[Site "Senica"]
[Date "2014.08.30"]
[Round "5"]
[White "Kovaricek, Miroslav"]
[Black "Ulehla, Jakub"]
[Result "0-1"]
[WhiteElo "1164"]
[BlackElo "1505"]
[PlyCount "56"]
[EventDate "2014.08.27"]
[EventType "swiss"]
[EventRounds "7"]
[EventCountry "SVK"]
[SourceTitle "EXT 2016"]
[Source "ChessBase"]
[SourceDate "2015.10.08"]
[SourceVersion "1"]
[SourceVersionDate "2015.10.08"]
[SourceQuality "1"]

1. e4 e5 2. Nf3 Nc6 3. d3 Nf6 4. Nc3 Bc5 5. Be3 Bxe3 6. fxe3 d6 7. d4 0-0 8. Bd3 Re8 9. 0-0 Bg4 10. Bb5 a6 11. Ba4 b5 12. Bb3 Qd7 13. Qd2 Rad8 14. Ng5 Bh5 15. Nd5 Nxd5 16. Bxd5 Rf8 17. Qc3 Nb8 18. dxe5 dxe5 19. Qxe5 Rde8 20. Qd4 Qe7 21. Nf3 Rd8 22. Rf2 c6 23. g3 cxd5 24. Nh4 Bg6 25. exd5 Qd6 26. c4 bxc4 27. Qxc4 Qxd5 28. Nxg6 Qxc4 0-1

[Event "Senica op 6th"]
[Site "Senica"]
[Date "2014.08.28"]
[Round "2"]
[White "Gasa, Patrik"]
[Black "Kovaricek, Miroslav"]
[Result "1-0"]
[WhiteElo "2034"]
[BlackElo "1164"]
[PlyCount "55"]
[EventDate "2014.08.27"]
[EventType "swiss"]
[EventRounds "7"]
[EventCountry "SVK"]
[SourceTitle "EXT 2016"]
[Source "ChessBase"]
[SourceDate "2015.10.08"]
[SourceVersion "1"]
[SourceVersionDate "2015.10.08"]
[SourceQuality "1"]

1. c4 c5 2. Nc3 Nc6 3. g3 d6 4. Bg2 g6 5. Nf3 Bg7 6. 0-0 Nf6 7. a3 Bg4 8. h3 Bf5 9. d3 Qc8 10. Kh2 h5 11. Rb1 h4 12. Nxh4 Nh5 13. Nxf5 Qxf5 14. g4 Be5+ 15. Kg1 Qd7 16. gxh5 Rxh5 17. f4 Bd4+ 18. e3 Rxh3 19. Bxh3 Qxh3 20. Qf3 Qh4 21. Nb5 0-0-0 22. exd4 Rh8 23. Rf2 e5 24. Nxd6+ Kc7 25. fxe5 Nxd4 26. Qxb7+ Kd8 27. Qb8+ Ke7 28. Rxf7+ 1-0

[Event "SVK-ch U16"]
[Site "Stara Lubovna"]
[Date "2014.04.09"]
[Round "6"]
[White "Sromovsky, Jozef1111"]
[Black "Kovaricek, Miroslav"]
[Result "1-0"]
[WhiteElo "2016"]
[BlackElo "1181"]
[PlyCount "43"]
[EventDate "2014.04.05"]
[EventType "swiss"]
[EventRounds "9"]
[EventCountry "SVK"]
[SourceTitle "EXT 2016"]
[Source "ChessBase"]
[SourceDate "2015.10.08"]
[SourceVersion "1"]
[SourceVersionDate "2015.10.08"]
[SourceQuality "1"]

1. e4 e5 2. Nf3 Nc6 3. Bc4 d6 4. h3 Be6 5. Bxe6 fxe6 6. d3 Nf6 7. Nc3 Be7 8. 0-0 Nh5 9. Nxe5 Nxe5 10. Qxh5+ g6 11. Qe2 Qd7 12. Be3 0-0-0 13. Bd4 Bf6 14. f4 Nf3+ 15. Rxf3 Bxd4+ 16. Kh1 e5 17. fxe5 Bxe5 18. Raf1 g5 19. Nd5 g4 20. Rf7 Qe6 21. Rxc7+ Kb8 22. Rff7 1-0

[Event "SVK-ch U16"]
[Site "Stara Lubovna"]
[Date "2014.04.06"]
[Round "2"]
[White "Joba, Arpad"]
[Black "Kovaricek, Miroslav"]
[Result "1-0"]
[WhiteElo "1682"]
[BlackElo "1181"]
[PlyCount "55"]
[EventDate "2014.04.05"]
[EventType "swiss"]
[EventRounds "9"]
[EventCountry "SVK"]
[SourceTitle "EXT 2016"]
[Source "ChessBase"]
[SourceDate "2015.10.08"]
[SourceVersion "1"]
[SourceVersionDate "2015.10.08"]
[SourceQuality "1"]

1. e4 e5 2. Nf3 Nc6 3. Bb5 Nge7 4. 0-0 g6 5. c3 Bg7 6. Re1 d6 7. d4 Bg4 8. d5 a6 9. Be2 Na7 10. Nbd2 c6 11. c4 f5 12. Ng5 Ng8 13. Bxg4 Qxg5 14. exf5 Nh6 15. Bf3 gxf5 16. Ne4 Qe7 17. Ng5 f4 18. Bxf4 0-0 19. Be3 Nf5 20. Ne6 Nxe3 21. Rxe3 Rf6 22. Be4 Rh6 23. Rg3 Kh8 24. Nxg7 Qh4 25. Rh3 Qxe4 26. Rxh6 Rg8 27. Qb1 Qg4 28. Qxh7# 1-0